Settlements to Continent - Statistics

General Stats
  • This quiz has been taken 16 times
  • The average score is 21 of 42
Answer Stats
Hint Explanation Answer % Correct
Bordeaux France Europe
87%
Yellowknife Canada North America
87%
Alice Springs Australia Oceania
80%
Kano Nigeria Africa
73%
Raipur India Asia
73%
Da Lat Vietnam Asia
73%
Denpasar Indonesia Asia
73%
Chittagong Bangladesh Asia
73%
Wroclaw Poland Europe
73%
Coventry U.K. Europe
73%
Linyi China Asia
67%
Yazd Iran Asia
67%
Razgrad Bulgaria Europe
67%
Aachen Germany Europe
67%
Biloxi U.S. North America
67%
Maracaibo Venezuela South America
67%
Funafuti Tuvalu Oceania
60%
Belem Brazil South America
60%
Arequipa Peru South America
60%
Sfax Tunisia Africa
53%
Blantyre Malawi Africa
53%
Gambela Ethiopia Africa
47%
Koror Palau Oceania
47%
Bhisho South Africa Africa
40%
Ngozi Burundi Africa
40%
Ibri Oman Asia
40%
Elbasan Albania Europe
40%
Comayagua Honduras North America
40%
Xalapa Mexico North America
40%
Arica Chile South America
40%
Uige Angola Africa
33%
Greymouth New Zealand Oceania
33%
Weno F.S.M. Oceania
33%
Neiafu Tonga Oceania
33%
Ronave Nauru Oceania
33%
Villa Hayes Paraguay South America
33%
Catanzaro Italy Europe
27%
David Panama North America
27%
Holguin Cuba North America
20%
Jacmel Haiti North America
13%
Rawson Argentina South America
13%
Vreed em Hoop Guyana South America
7%
No matching quizzes found
Score Distribution
Percent of People with Each Score
Percentile by Number Answered
Your Score History
You have not taken this quiz